| 000 | 00438nam a2200157 a 4500 | ||
|---|---|---|---|
| 005 | 20140414132140.0 | ||
| 008 | 140203s19uu xx 00 eng d | ||
| 020 | _a9781848105447 | ||
| 050 |
_aREF 550 _bKe28 2012 |
||
| 100 | _aKelly, MIles | ||
| 245 | _aOver 1000 fantastic earth facts. | ||
| 260 |
_aUK : _bMiles Kelly Pub, _cc2012. |
||
| 300 | _a512 | ||
| 650 |
_aEarth sciences- _xMiscellanea- _xJuvenile literature |
||
| 999 |
_c115341 _d115341 |
||